Normal view MARC view
  • Sánchez Rodríguez, Carmenza

Entry Nombre Personal

Number of records used in: 1

001 - NUMERO DE CONTROL

  • campo de control: 59207

003 - IDENTIFICADOR DE NUMERO DE CONTROL

  • campo de control: MX-MxUPN

005 - FECHA Y HORA DE LA ÜLTIMA TRANSACCIÓN

  • campo de control: 20260406105737.0

008 - DATOS DE LONGITUD FIJA

  • campo de control de longitud fija: 260406|n ac|nnaabn | aaa d

040 ## - FUENTE DE CATALOGACIÓN

  • Agencia original de catalogación: MX-MxUPN
  • Lenguaje de catalogación: spa

100 1# - ENCABEZAMIENTO - NOMBRE PERSONAL

  • Nombre personal: Sánchez Rodríguez, Carmenza

670 ## - FUENTE EN LA QUE SE LOCALIZARON DATOS

  • Cita de la fuente: Evaluación y educación. Miradas críticas, 2024 :
  • Información localizada: portada (Carmenza Sánchez Rodríguez)
  • Uniform Resource Identifier: http://hdl.handle.net/20.500.12209/21046

902 ## - CATALOGADOR

  • Catalogador: JohanaAllegre/060426